00349nam a22001217a 4500020000800000040001600008082001300024100002600037245006000063250002500123260003700148300004200185 qPB. cFIZZA ISHAQ a423bHER aHeritage , American. aThe American Heritage dictionary /c American Heritage. a2nd College Edition. a New York:bDell Pub. Co,c1969. axvi ; 878 P. ;c6.5 x 4 x 1.5 inches,